Statistiques concernant QCM TWD

Cliquez ici pour prendre le quiz!

Statistiques générales

  • Ce quiz a été pris 243 fois
  • Le résultat moyen est 6 sur 10

Statistiques - réponses

QuestionRéponse% Correct
Quelle est le nom de famille de Rosita (mdr)Espinosa
92%
Quelle est le nom de la femme de DwightSherry
82%
Quelle est le vrai nom du gouverneurPhilippe Blake
78%
Comment s'appelle le fils de MorganDuane
77%
Qu'elle était le nom de la professeur à CarlJudith
63%
Comment s'appelle la femme de MorganJenny
59%
Quelle est le nom de famille de NeganSmith
56%
Dans l'épisode 16 de la saison 4, quelle est la lettre inscrite sur le wagon ou le groupe se retrouveA
45%
Quelle sont les comics que Carl aimé lireInvincible
38%
Quelle est le chiffre fétiche de Shane22
35%

Distribution des résultats

Percentile par nombre de réponses

% des personnes avec chaque résultat

Votre développement - résultats

Vous n’avez pas pris ce quiz